<?xml version="1.0" encoding="UTF-8"?>
<record
    xmlns:xsi="http://www.w3.org/2001/XMLSchema-instance"
    xsi:schemaLocation="http://www.loc.gov/MARC21/slim http://www.loc.gov/standards/marcxml/schema/MARC21slim.xsd"
    xmlns="http://www.loc.gov/MARC21/slim">

  <leader>00354nam a22001457a 4500</leader>
  <controlfield tag="003">OSt</controlfield>
  <datafield tag="020" ind1=" " ind2=" ">
    <subfield code="a">9781892005281</subfield>
  </datafield>
  <datafield tag="082" ind1=" " ind2=" ">
    <subfield code="a">158.6 </subfield>
    <subfield code="b">RON</subfield>
  </datafield>
  <datafield tag="100" ind1=" " ind2=" ">
    <subfield code="a">ROSENBERG, Marshall B</subfield>
  </datafield>
  <datafield tag="245" ind1=" " ind2=" ">
    <subfield code="a">Nonviolent Communication: A language of life</subfield>
  </datafield>
  <datafield tag="250" ind1=" " ind2=" ">
    <subfield code="a">3rd Ed.</subfield>
  </datafield>
  <datafield tag="260" ind1=" " ind2=" ">
    <subfield code="a">2015:</subfield>
    <subfield code="b">Puddle Dancer Press,</subfield>
    <subfield code="c">USA.</subfield>
  </datafield>
  <datafield tag="300" ind1=" " ind2=" ">
    <subfield code="a">xxxv,317p.</subfield>
  </datafield>
  <datafield tag="942" ind1=" " ind2=" ">
    <subfield code="2">ddc</subfield>
    <subfield code="c">REF</subfield>
  </datafield>
  <datafield tag="999" ind1=" " ind2=" ">
    <subfield code="c">12977</subfield>
    <subfield code="d">12977</subfield>
  </datafield>
  <datafield tag="952" ind1=" " ind2=" ">
    <subfield code="0">0</subfield>
    <subfield code="1">0</subfield>
    <subfield code="2">ddc</subfield>
    <subfield code="4">0</subfield>
    <subfield code="7">0</subfield>
    <subfield code="8">GENERAL</subfield>
    <subfield code="a">PIET</subfield>
    <subfield code="b">PIET</subfield>
    <subfield code="d">2024-12-26</subfield>
    <subfield code="e">Zafaa Books and Distributors</subfield>
    <subfield code="f">INR</subfield>
    <subfield code="g">275.00</subfield>
    <subfield code="k">FAS9SB2500004084</subfield>
    <subfield code="l">0</subfield>
    <subfield code="o">158.6 RON</subfield>
    <subfield code="p">38536</subfield>
    <subfield code="r">2024-12-26 00:00:00</subfield>
    <subfield code="v">269.00</subfield>
    <subfield code="w">2024-12-18</subfield>
    <subfield code="y">REF</subfield>
  </datafield>
  <datafield tag="952" ind1=" " ind2=" ">
    <subfield code="0">0</subfield>
    <subfield code="1">0</subfield>
    <subfield code="2">ddc</subfield>
    <subfield code="4">0</subfield>
    <subfield code="7">0</subfield>
    <subfield code="8">GENERAL</subfield>
    <subfield code="a">PIET</subfield>
    <subfield code="b">PIET</subfield>
    <subfield code="d">2024-12-26</subfield>
    <subfield code="e">Flipkart</subfield>
    <subfield code="f">INR</subfield>
    <subfield code="g">275.00</subfield>
    <subfield code="k">FAS9SB2500004084</subfield>
    <subfield code="l">0</subfield>
    <subfield code="o">158.6  RON</subfield>
    <subfield code="p">38537</subfield>
    <subfield code="r">2024-12-26 00:00:00</subfield>
    <subfield code="v">269.00</subfield>
    <subfield code="w">2024-12-18</subfield>
    <subfield code="y">BK</subfield>
  </datafield>
  <datafield tag="952" ind1=" " ind2=" ">
    <subfield code="0">0</subfield>
    <subfield code="1">0</subfield>
    <subfield code="2">ddc</subfield>
    <subfield code="4">0</subfield>
    <subfield code="7">0</subfield>
    <subfield code="8">GENERAL</subfield>
    <subfield code="a">PIET</subfield>
    <subfield code="b">PIET</subfield>
    <subfield code="d">2024-12-26</subfield>
    <subfield code="e">Flipkart</subfield>
    <subfield code="f">INR</subfield>
    <subfield code="g">275.00</subfield>
    <subfield code="k">FAS9SB2500004084</subfield>
    <subfield code="l">0</subfield>
    <subfield code="o">158.6  RON</subfield>
    <subfield code="p">38538</subfield>
    <subfield code="r">2024-12-26 00:00:00</subfield>
    <subfield code="v">269.00</subfield>
    <subfield code="w">2024-12-18</subfield>
    <subfield code="y">BK</subfield>
  </datafield>
  <datafield tag="952" ind1=" " ind2=" ">
    <subfield code="0">0</subfield>
    <subfield code="1">0</subfield>
    <subfield code="2">ddc</subfield>
    <subfield code="4">0</subfield>
    <subfield code="7">0</subfield>
    <subfield code="8">GENERAL</subfield>
    <subfield code="a">PIET</subfield>
    <subfield code="b">PIET</subfield>
    <subfield code="d">2024-12-26</subfield>
    <subfield code="e">Flipkart</subfield>
    <subfield code="f">INR</subfield>
    <subfield code="g">275.00</subfield>
    <subfield code="k">FAS9SB2500004084</subfield>
    <subfield code="l">0</subfield>
    <subfield code="o">158.6  RON</subfield>
    <subfield code="p">38539</subfield>
    <subfield code="r">2024-12-26 00:00:00</subfield>
    <subfield code="v">269.00</subfield>
    <subfield code="w">2024-12-18</subfield>
    <subfield code="y">BK</subfield>
  </datafield>
</record>
